Manual dos recursos nos dissídios do trabalho / (Record no. 1315)

MARC details
000 -LÍDER
Campo Fixo de Controle 00797nam a2200253 a 4500
001 - NÚMERO DE CONTROLE
Campo de Controle 1315
003 - IDENTIFICAÇÃO DO NÚMERO DE CONTROLE
Campo de Controle BR-CuiBMT
005 - DATA E HORA DA ÚLTIMA ATUALIZAÇÃO
Campo de Controle 20231204233818.0
008 - DADOS FIXOS
Dados Fixos 231204s2006 spba 000 0 por d
020 ## - INTERNATIONAL STANDARD BOOK NUMBER
Nº do ISBN 8536107936
040 ## - AGÊNCIA CATALOGADORA
Código da Agência Catalogadora BR-CuiBMT
Agência que transcreveu o registro BR-CuiBMT
080 ## - Nº DA CLASSIFICAÇÃO DECIMAL UNIVERSAL
Nº edição CDU 2007
Nº Class. CDU 347.955:331.105.4
090 ## - NÚMERO DE CHAMADA
Nº classificação 347.955:331.105.4
Cutter P659m
100 10 - ENTRADA PRINCIPAL -- AUTOR PESSOAL
Nome pessoal Pinto, José Augusto Rodrigues
245 10 - TÍTULO PRINCIPAL
Título principal Manual dos recursos nos dissídios do trabalho /
Indicação de responsabilidade José Augusto Rodrigues Pinto.
260 ## - PUBLICAÇÃO, DISTRIBUIÇÃO, ETC.
Local de publicação São Paulo :
Editora LTr,
Data 2006.
300 ## - DESCRIÇÃO FÍSICA
N. páginas ou volumes 421 p. :
Ilustrações il. ;
Dimensões 23 cm
504 ## - NOTA DE BIBLIOGRAFIA, ETC.
Nota de bibliografia Inclui bibliografia e índice.
650 ## - ASSUNTO TÓPICO
Cabeçalho tópico ou nome geográfico Dissídio trabalhista
Subdivisão geográfica Brasil
650 ## - ASSUNTO TÓPICO
Cabeçalho tópico ou nome geográfico Recursos (Direito)
Subdivisão geográfica Brasil
650 ## - ASSUNTO TÓPICO
Cabeçalho tópico ou nome geográfico Justiça do trabalho
Subdivisão geográfica Brasil
650 ## - ASSUNTO TÓPICO
Cabeçalho tópico ou nome geográfico Acordos trabalhistas
Subdivisão geográfica Brasil
942 ## - ELEMENTOS DE ENTRADA ADICIONAIS (KOHA)
Fonte de classificação ou esquema de arquivamento Classificação Decimal Universal
Tipo de item do Koha Livros
Holdings
Estado: removido Estado: perdido Fonte de classificação ou esquema de arquivamento Estado: danificado Indisponível para empréstimo Localização permanente Localização atual Data de aquisição Total Checkouts Número de Chamada completo Código de barras Date last seen Número do exemplar Preço efetivo a partir de Tipo de item (Koha)
    Classificação Decimal Universal     Biblioteca da Escola Superior de Contas do TCE/MT Biblioteca da Escola Superior de Contas do TCE/MT 04/12/2023   347.955:331.105.4 P659m BIBTCEMT23120157 04/12/2023 Ex. 1 04/12/2023 Livros

Powered by Koha